Chủ tịch Hồ Chí Minh với vấn đề đạo đức cách mạng

Những bản tham luận phân tích về đạo đức của Bác Hồ và những chỉ dẫn của Bác về đạo đức cách mạng. Nâng cao đạo đức của cán bộ, đảng viên dưới ánh sáng tư tưởng của chủ tịch Hồ Chí Minh

Bewaard in:
Bibliografische gegevens
Hoofdauteur: Hồ Chí Minh
Coauteur: Hội Nghị Khoa học
Formaat: Boek
Taal:Vietnamese
Gepubliceerd in: H. Thông tin lý luận 1986
Onderwerpen:
Tags: Voeg label toe
Geen labels, Wees de eerste die dit record labelt!
Thư viện lưu trữ: Mạng thư viện Đại học Đà Nẵng
LEADER 01587nam a22003738a 4500
001 000007575
003 3738
005 20111117091139.0
008 111006s1986 b 000 0 vieod
020 |c 10000đ  |d 8.150b 
041 0 |a vie 
082 |a 335.512  |b CH-T 
084 |a aa46  |b CH500T 
100 0 |a Hồ Chí Minh 
110 |a Hội Nghị Khoa học 
245 1 0 |a Chủ tịch Hồ Chí Minh với vấn đề đạo đức cách mạng  |c Hồ Chí Minh 
260 |a H.  |b Thông tin lý luận  |c 1986 
300 |a 311tr  |c 20cm 
500 |a Trên đầu trang tên sách ghi: Viện Bảo tàng Hồ Chí Minh. Viện Mac-Lênin. Trường Đảng cao cấp Nguyễn Ai Quốc. UBKHXH Việt Nam 
520 |a Những bản tham luận phân tích về đạo đức của Bác Hồ và những chỉ dẫn của Bác về đạo đức cách mạng. Nâng cao đạo đức của cán bộ, đảng viên dưới ánh sáng tư tưởng của chủ tịch Hồ Chí Minh 
653 |a Hồ Chí Minh 
653 |a cách mạng 
653 |a Đạo đức 
910 |a Nguyễn Thị Kim Oanh  |d 06/10/2011 
OWN |a LSP 
AVA |a UDN50  |b LSP  |d 335.512 CH-T  |e unavailable  |t Error 5002 Not defined in file expand_doc_bib_avail.  |f 1  |g 1  |h N  |i 0  |k 1 
999 |a From the UDN01 
AVA |a UDN50  |b LSP  |d 335.512 CH-T  |e unavailable  |t Error 5002 Not defined in file expand_doc_bib_avail.  |f 1  |g 1  |h N  |i 0  |k 1 
TYP |a Monograph 
TYP |a Printed language 
980 |a Mạng thư viện Đại học Đà Nẵng